Vögel auf französisch - Statistiken

Allgemein
  • Dieses Quiz wurde 30 mal gespielt
  • Das Durchschnittsergebnis liegt bei 7 aus 24
Antwortstatistiken
Deutsch Französisch % Korrekt
ein Hahn un coq
96%
ein Vogel un oiseau
96%
ein Huhn une poule
62%
eine Ente un canard
58%
ein Adler un aigle
38%
eine Taube un pigeon
38%
eine Schwalbe une hirondelle
35%
ein Kanarienvogel un canari
31%
eine Möwe une mouette
27%
eine Gans une oie
27%
ein Papagei un perroquet
19%
eine Nachtigall un rossignol
19%
eine Eule une chouette
15%
ein Storch une cigogne
15%
eine Amsel un merle
15%
ein Küken un poussin
15%
ein Rabe un corbeau
12%
ein Spatz un moineau
12%
ein Truthahn un dindon
8%
eine Lerche une alouette
8%
eine Truthenne, eine Pute une dinde
8%
eine Krähe une corneille
4%
eine Elster une pie
4%
ein Käuzchen un hibou
4%
Keine übereinstimmenden Quizze gefunden
Verteilung der Resultate
Anzahl Personen mit jedem Resultat
Perzentil nach korrekt beantworteten Fragen
Ihre Resultats-Entwicklung
Sie haben dieses Quiz noch nicht gespielt